Falling leaves: (Record no. 364707)
[ view plain ]
| 000 -LEADER | |
|---|---|
| fixed length control field | 00616nam a22001937a 4500 |
| 003 - CONTROL NUMBER IDENTIFIER | |
| control field | 1 |
| 005 - DATE AND TIME OF LATEST TRANSACTION | |
| control field | 20220318082228.0 |
| 008 - FIXED-LENGTH DATA ELEMENTS--GENERAL INFORMATION | |
| fixed length control field | 220318b xxu||||| |||| 00| 0 eng d |
| 020 ## - INTERNATIONAL STANDARD BOOK NUMBER | |
| International Standard Book Number | 978-0-7679-0357-8 |
| 050 ## - LIBRARY OF CONGRESS CALL NUMBER | |
| Classification number | CT275 |
| Item number | .M45115A3 1997 |
| 100 ## - MAIN ENTRY--PERSONAL NAME | |
| Personal name | Mah,Adeline Yen |
| Dates associated with a name | -1937 |
| 245 ## - TITLE STATEMENT | |
| Title | Falling leaves: |
| Remainder of title | the memoir of an unwanted Chines daughter |
| Statement of responsibility, etc | Adeline Yen Mah |
| 260 ## - PUBLICATION, DISTRIBUTION, ETC. (IMPRINT) | |
| Place of publication, distribution, etc | New York |
| Name of publisher, distributor, etc | Random House Children's Book |
| Date of publication, distribution, etc | c1997 |
| 300 ## - PHYSICAL DESCRIPTION | |
| Extent | 278 pp. |
| Dimensions | 20 cm. |
| 500 ## - GENERAL NOTE | |
| General note | Mah, Adeline Yen,1937- |
| 500 ## - GENERAL NOTE | |
| General note | Chinese Americans -California-Biography |
| 500 ## - GENERAL NOTE | |
| General note | China- Social life and customs |
| 942 ## - ADDED ENTRY ELEMENTS (KOHA) | |
| Source of classification or shelving scheme | Library of Congress Classification |
| Koha item type | Books |
| Withdrawn status | Lost status | Source of classification or shelving scheme | Damaged status | Home library | Current library | Shelving location | Date acquired | Source of acquisition | Sub Shelving location | Total Checkouts | Full call number | Barcode | Date last seen | Date checked out | Price effective from | Koha item type |
|---|---|---|---|---|---|---|---|---|---|---|---|---|---|---|---|---|
| Library of Congress Classification | Luxembourg Library | Luxembourg Library | Fiction Section | 03/18/2022 | Donation | 1 | CT275 .M45115A3 1997 | 21006 | 05/17/2022 | 03/21/2022 | 03/18/2022 | Books | ||||
| Library of Congress Classification | Luxembourg Library | Luxembourg Library | Fiction Section | 03/18/2022 | Donation | 1 | CT275 .M45115A3 1997 | 21007 | 07/07/2022 | 03/18/2022 | 03/18/2022 | Books |